000 00634nam a2200193 a 4500
005 20241030063732.0
008 991125s1999 arg 000 0 spa u
020 _a987919148X
035 _aUPN01000026609
049 _aCG
050 4 _aLB1707
_bG7.8
245 0 0 _aGrupos y dispositivos de formación /
_cMarta Souto... [et al.].
260 _aArgentina :
_bNovedades Educativas :
_bUniversidad de Buenos Aires, Facultad de Filosofía y Letras,
_c1999.
300 _a143 p.
440 4 _aLos documentos ;
_v10
650 2 _aMaestros
_xFormacion profesional
_xInvestigación
_9792
700 1 _aSouto, Marta,
_ecoaut.
905 _aLibro
999 _c26609
_d26609